| 000 | 00507cam a2200193ua 4500 | ||
|---|---|---|---|
| 001 | 6879 | ||
| 008 | 140301n ii |||gr||||Z||||||eng | ||
| 020 | _a978-81-272-6999-9 | ||
| 040 | _cMAIN | ||
| 082 | _a657.2 | ||
| 245 |
_aBook-keeping and accountancy _cBy C. Mohan Juneja |
||
| 250 | _a9th rev & enl. | ||
| 260 |
_aLudhiana: _bKalyani publishers, _c2011. |
||
| 300 | _ax,5.116p. | ||
| 653 | _aAccounting | ||
| 653 | _aBook-keeping and accountancy | ||
| 700 |
_aJuneja,C. Mohan, _eAuthor. |
||
| 942 | _cBK | ||
| 999 |
_c6025 _d6025 |
||